Declaración de Managua
Saved in:
| Format: | Text |
|---|---|
| Language: | Spanish |
| Tags: |
Add Tag
No Tags, Be the first to tag this record!
|
MARC
| LEADER | 00000 a a2200000 04500 | ||
|---|---|---|---|
| 001 | 18057 | ||
| 003 | cru CIDCACS/IIS | ||
| 005 | 20191126134319.0 | ||
| 008 | 191126b ||||| |||| 00| 0 spa d | ||
| 999 | |c 42643 |d 42643 | ||
| 040 | |c cru CIDCACS/IIS | ||
| 245 | 0 | |a Declaración de Managua | |
| 300 | |a páginas 245-246 | ||
| 773 | |g volumen 5, número 21; páginas 249-251 | ||
| 773 | 0 | |0 42391 |9 3905 |a Agencia Latinoamericana de Información, ALAI |d Quito, Ecuador: ALAI |o 04424 |t ALAI: |x 08275564 (Servicio mensual de información y documentación) | |
| 942 | |2 ddc |c PP | ||
